000 00562nam a2200193 i 4500
001 58652
003 ES-MaACL
005 20230906163844.0
007 t|
008 031023s1934 fr ||||1| fre d
100 1 _aDurtain, Luc.
_946332
245 1 0 _aFrank et Marjorie
_b: roman /
_cLuc Durtain.
260 _aParís :
_bErnest Flammarion,
_c1934 (
_fE. Grevin Lagny)
300 _a282 p. ;
_c19 cm.
490 1 _a"Conquêtes du Monde" Amerique
830 0 _a"Conquêtes du Monde" Amerique
_9230483
852 _aES-MaACL
_jA-2263
999 _c58652
_d58652